000 00332nam a2200145Ia 4500
008 230718s9999 xx 000 0 und d
041 _aEng.
082 _a34202
_bIQB-C
100 _aIqbal, Usman
245 0 _aConstitution of united
260 _aPakistan
_bManzoor law book
_c"
300 _a304
650 _aLaw
999 _c28491
_d28491